Basic physical chemistry for the life sciences (Record no. 8250)
[ view plain ]
| 000 -LEADER | |
|---|---|
| fixed length control field | 00972pam a2200313 4500 |
| 001 - CONTROL NUMBER | |
| JCCL Control Number | 8250 |
| 003 - CONTROL NUMBER IDENTIFIER | |
| JCCL marc code | BD-JhCC |
| 005 - DATE AND TIME OF LATEST TRANSACTION | |
| control field | 20180220110534.0 |
| 008 - FIXED-LENGTH DATA ELEMENTS--GENERAL INFORMATION | |
| fixed length control field | 730426s1973 caua b 001 0 eng |
| 020 ## - INTERNATIONAL STANDARD BOOK NUMBER | |
| International Standard Book Number | 0716701715 |
| 035 ## - SYSTEM CONTROL NUMBER | |
| system control number | (BD-JhCC)8250 |
| 040 ## - CATALOGING SOURCE | |
| Original cataloging agency | DLC |
| Transcribing agency | DLC |
| Modifying agency | DLC |
| -- | BD-JhCC |
| 041 ## - LANGUAGE CODE | |
| Language code of Book | eng |
| 050 00 - LIBRARY OF CONGRESS CALL NUMBER | |
| Classification number | QD453.2 |
| Item number | .W54 1973 |
| 060 ## - NATIONAL LIBRARY OF MEDICINE CALL NUMBER | |
| Classification number | QD453 W727b 1973 |
| 082 00 - DEWEY DECIMAL CLASSIFICATION NUMBER | |
| Classification number | 541/.3/02457 |
| Author mark and Year | WIL 1973 |
| 100 1# - MAIN ENTRY--PERSONAL NAME | |
| Personal name | Williams, Virginia R. |
| 245 10 - TITLE STATEMENT | |
| Title | Basic physical chemistry for the life sciences |
| Statement of responsibility, etc | [by] Virginia R. Williams [and] Hulen B. Williams. Mathematical appendix by Bill B. Townsend. |
| 250 ## - EDITION STATEMENT | |
| Edition statement | 2d ed. |
| 260 ## - PUBLICATION, DISTRIBUTION, ETC. (IMPRINT) | |
| Place of publication, distribution, etc | San Francisco, |
| Name of publisher, distributor, etc | W. H. Freeman |
| Date of publication, distribution, etc | [1973] |
| 300 ## - PHYSICAL DESCRIPTION | |
| Pagination | xviii, 524 p. |
| Other physical details | illus. |
| Dimensions | 25 cm. |
| 350 ## - PRICE (NR) (BK AM CF MU VM SE) [OBSOLETE] | |
| Price | $14.95 |
| 504 ## - BIBLIOGRAPHY, ETC. NOTE | |
| Bibliography, etc | Includes bibliographies. |
| 650 #0 - SUBJECT ADDED ENTRY--TOPICAL TERM | |
| Topical term or geographic name as entry element | Chemistry, Physical and theoretical. |
| 650 #2 - SUBJECT ADDED ENTRY--TOPICAL TERM | |
| Topical term or geographic name as entry element | Chemistry, Physical. |
| 700 1# - ADDED ENTRY--PERSONAL NAME | |
| Personal name | Williams, Hulen B., |
| Dates associated with a name | 1920- |
| 942 ## - ADDED ENTRY ELEMENTS (KOHA) | |
| Source of classification or shelving scheme | Dewey Decimal Classification |
| Koha item type | Books |
| Source of classification or shelving scheme | Damaged status | Not for loan | Home library | Current library | Shelving location | Date of accession | Total Checkouts | Full call number | Barcode | Date last seen | Date checked out | Copy number | Koha item type |
|---|---|---|---|---|---|---|---|---|---|---|---|---|---|
| Dewey Decimal Classification | JCC Rouf Library | JCC Rouf Library | General Stacks | 09/28/2024 | 1 | 541/.3/02457 WIL 1973 | 10839 | 11/18/2024 | 09/28/2024 | C - 1 | Books |